000 00786nam a2200181Ia 4500
003 GCL
005 20240530110207.0
008 140319s9999 xx 000 0 ara d
040 _aGCL /
_cGCL
082 0 4 _aم
_b929.1
_bس ك
100 1 _aالسيوطى : جلال الدين ابوالفضل عبدالرحمن بن ابى بكر بن محمد الخضيرى
245 1 0 _aكتاب لب الالباب فى تحرير الانساب /
_cالسيوطى : جلال الدين ابوالفضل عبدالرحمن بن ابى بكر بن محمد الخضيرى
260 _a[S.N] :
_bدار الكتب العلمية للنشر والتوزيع ،
_c1991
300 _aمتعدد
490 _aماذا اعرف
_v0
650 0 4 _aالانسان والاعراق
942 _2ddc
_cREF
999 _c59310
_d59310